LIBRARY & INFORMATION CENTRE, KCAET, TAVANUR

ONLINE PUBLIC ACCESS CATALOGUE (OPAC)

Ready-made speeches. (Record no. 18015)

MARC details
000 -LEADER
fixed length control field 00370cam a2200145u 4500
003 - CONTROL NUMBER IDENTIFIER
control field OSt
008 - FIXED-LENGTH DATA ELEMENTS--GENERAL INFORMATION
fixed length control field 830216s1907 pau 000 0 eng
041 ## - LANGUAGE CODE
Language code of text/sound track or separate title eng
100 1# - MAIN ENTRY--AUTHOR NAME
Personal name Harris B
245 00 - TITLE STATEMENT
Title Ready-made speeches.
260 ## - PUBLICATION, DISTRIBUTION, ETC. (IMPRINT)
Place of publication Philadelphia,
Name of publisher Penn Pub. Co.,
Year of publication 1907.
300 ## - PHYSICAL DESCRIPTION
Number of Pages 186 p.
856 41 - ELECTRONIC LOCATION AND ACCESS
Uniform Resource Identifier <a href="http://hdl.loc.gov/loc.gdc/scd0001.00222046592">http://hdl.loc.gov/loc.gdc/scd0001.00222046592</a>
942 ## - ADDED ENTRY ELEMENTS (KOHA)
Koha item type Books
Holdings
Withdrawn status Lost status Damaged status Home library Current library Date acquired Cost, normal purchase price Accession Number Koha item type
Withdrawn     KAUAET KAUAET 16/11/2023 3.95 10997 Books
free website counter